000 00609nam a2200205Ia 4500
001 1186
003 GE_BSU
008 181216s||||||||xx |||||||||||||| ||und||
040 _cGE_BSU
080 _a59
100 _aღამბარაშვილი ნ, ბურჯანაძე ვ.
245 _aსაქართველოს ნადირ-ფრინველი.
260 _aთბილისი.
260 _bნაკადული.
260 _c1966.
300 _a138გვ, 19სმ.
541 _h4 ლ.
653 _aნადირ-ფრინველი.
942 _cBK
999 _c35334
_d35334